Development of site suitability criteria for application of filter technology in Pakistan using Rs & GIS : (Record no. 534704)

000 -LEADER
fixed length control field 00592nam a22001577a 4500
020 ## - INTERNATIONAL STANDARD BOOK NUMBER
Qualifying information Hard Cover.
082 ## - DEWEY DECIMAL CLASSIFICATION NUMBER
Classification number 621.3678
100 ## - MAIN ENTRY--PERSONAL NAME
Personal name Kanwal, Shamsa
245 ## - TITLE STATEMENT
Title Development of site suitability criteria for application of filter technology in Pakistan using Rs & GIS :
Remainder of title A case study of Faisalabad City /
Statement of responsibility, etc. Shamsa Kanwal.
260 ## - PUBLICATION, DISTRIBUTION, ETC.
Place of publication, distribution, etc. Islamabad :
Name of publisher, distributor, etc. IGIS - NUST,
Date of publication, distribution, etc. 2015.
300 ## - PHYSICAL DESCRIPTION
Extent ix, 92 p. ill. :
Dimensions 30cm.
942 ## - ADDED ENTRY ELEMENTS (KOHA)
Source of classification or shelving scheme
Koha item type Thesis
650 ## - SUBJECT ADDED ENTRY--TOPICAL TERM
Topical term or geographic name entry element GIS and Remote Sensing - MS Thesis.
700 ## - ADDED ENTRY--PERSONAL NAME
Personal name Dr. Ejaz Hussain.
650 ## - SUBJECT ADDED ENTRY--TOPICAL TERM
-- 16194
700 ## - ADDED ENTRY--PERSONAL NAME
-- 19330
Holdings
Withdrawn status Lost status Source of classification or shelving scheme Damaged status Not for loan Permanent Location Current Location Shelving location Date acquired Total Checkouts Full call number Barcode Date last seen Price effective from Koha item type
          Central Library (CL) Central Library (CL) Thesis 03/17/2020   621.3678 CL-T-5438 03/17/2020 03/17/2020 Thesis
© 2023 Central Library, National University of Sciences and Technology. All Rights Reserved.